Obras completas de Sigmund Freud : Sobre la versión castellana /

Guardado en:
Detalles Bibliográficos
Autor principal: Freud, Sigmund (autor)
Otros autores: Etcheverry, José Luis (texto) (texto)
Formato: Libro
Idioma:Español
Publicado: Buenos Aires, Argentina : Amorrortu, 1978, c1978
Temas:
Etiquetas: Agrega una etiqueta
Sin etiquetas, Sé el primero en etiquetar este registro!

MARC

LEADER 00000nam^a2200000^a^4500
001 000110994
005 20250521000000.0
009 20260310093815.499
020 |a 84-610-0525-2 
037 |a Acervo ITESO - Biblioteca 
041 |a ESP 
082 |a 150. 1952  |b FRE OBR AMO V. 0 
100 |a Freud, Sigmund  |e (autor) 
240 1 1 |a [Obras completas de Sigmund Freud] 
245 1 0 |a Obras completas de Sigmund Freud :  |b Sobre la versión castellana /  |c Texto de J.L. Etcheverry. 
264 4 |a Buenos Aires, Argentina :  |b Amorrortu,  |c 1978, c1978 
300 |a 143 p. 
336 |a texto  |b txt  |2 rdacontenido 
337 |a sin mediación  |b n  |2 rdamedio 
338 |a volumen  |b nc  |2 rdasoporte 
521 |a 2004 BO Maestría en Psicoterapia 
521 |a 2015 BO Maestría en Psicoterapia 
649 |a XX 
650 |a Psicoanálisis Freudiano -  |x Tema Principal 
650 |a Psicología Clínica 
650 |a Freud, Sigmund 
700 |a Etcheverry, José Luis  |e (texto) 
910 |a Fondo Armando Suárez Gómez 
920 |a Impresos - Libros 
930 |a Fondos Especiales 
905 |a 111 
901 |a 0700002187  |b IT2  |c ESP  |u 20250521 
902 |a https://opac.biblio.iteso.mx/vufind/Record/000110994